<?xml version="1.0" encoding="UTF-8"?>
<record
    xmlns:xsi="http://www.w3.org/2001/XMLSchema-instance"
    xsi:schemaLocation="http://www.loc.gov/MARC21/slim http://www.loc.gov/standards/marcxml/schema/MARC21slim.xsd"
    xmlns="http://www.loc.gov/MARC21/slim">

  <leader>01099nam a22002657a 4500</leader>
  <datafield tag="952" ind1=" " ind2=" ">
    <subfield code="a">0001</subfield>
    <subfield code="b">0001</subfield>
    <subfield code="d">2021-11-08</subfield>
    <subfield code="l">1</subfield>
    <subfield code="o">291.177 &#xD6;92i 2007</subfield>
    <subfield code="p">020098</subfield>
    <subfield code="r">2022-11-10 00:00:00</subfield>
    <subfield code="s">2022-08-25</subfield>
    <subfield code="w">2021-11-08</subfield>
    <subfield code="x">Emin De&#x11F;er Ba&#x11F;&#x131;&#x15F;&#x131;d&#x131;r.</subfield>
    <subfield code="y">BKS</subfield>
  </datafield>
  <datafield tag="999" ind1=" " ind2=" ">
    <subfield code="c">14603</subfield>
    <subfield code="d">14603</subfield>
  </datafield>
  <controlfield tag="003">MIRAKIL</controlfield>
  <controlfield tag="005">20211108150439.0</controlfield>
  <controlfield tag="008">211108b        tu ||||| |||| 00| 0 tur d</controlfield>
  <datafield tag="020" ind1=" " ind2=" ">
    <subfield code="a">9758410040</subfield>
  </datafield>
  <datafield tag="040" ind1=" " ind2=" ">
    <subfield code="a">TR-AnCHP</subfield>
    <subfield code="c">TR-AnCHP</subfield>
  </datafield>
  <datafield tag="041" ind1=" " ind2=" ">
    <subfield code="a">Tur</subfield>
  </datafield>
  <datafield tag="082" ind1=" " ind2=" ">
    <subfield code="a">291.177</subfield>
    <subfield code="b">&#xD6;92i 2007</subfield>
  </datafield>
  <datafield tag="100" ind1=" " ind2=" ">
    <subfield code="a">&#xD6;zak&#x131;nc&#x131;, Cengiz</subfield>
  </datafield>
  <datafield tag="245" ind1="1" ind2="0">
    <subfield code="a">&#x130;slam'da bilimin y&#xFC;kseli&#x15F;i ve &#xE7;&#xF6;k&#xFC;&#x15F;&#xFC;, 827-1107 : </subfield>
    <subfield code="b">&#xE7;oktanr&#x131;c&#x131;l&#x131;kta, Yahudilikte, H&#x131;ristiyanl&#x131;kta, gericilik ve M&#xFC;sl&#xFC;manl&#x131;kta irtican&#x131;n tarihsel k&#xF6;kenleri / </subfield>
    <subfield code="c">Cengiz &#xD6;zak&#x131;nc&#x131;.</subfield>
  </datafield>
  <datafield tag="246" ind1=" " ind2=" ">
    <subfield code="a">&#xE7;oktanr&#x131;c&#x131;l&#x131;kta, Yahudilikte, H&#x131;ristiyanl&#x131;kta, gericilik ve M&#xFC;sl&#xFC;manl&#x131;kta irtican&#x131;n tarihsel k&#xF6;kenleri</subfield>
  </datafield>
  <datafield tag="250" ind1=" " ind2=" ">
    <subfield code="a">11 bs.</subfield>
  </datafield>
  <datafield tag="260" ind1=" " ind2=" ">
    <subfield code="a">&#x130;stanbul:</subfield>
    <subfield code="b">Otopsi Yay&#x131;nlar&#x131;,</subfield>
    <subfield code="c">2007.</subfield>
  </datafield>
  <datafield tag="300" ind1=" " ind2=" ">
    <subfield code="a">527 s.:</subfield>
    <subfield code="b">res.:</subfield>
    <subfield code="c">23 sm.</subfield>
  </datafield>
  <datafield tag="490" ind1="0" ind2=" ">
    <subfield code="a">Otopsi Yay&#x131;nevi;</subfield>
    <subfield code="a">Bilimsel &#x130;nceleme;</subfield>
    <subfield code="v">3.</subfield>
    <subfield code="v">3.</subfield>
  </datafield>
  <datafield tag="504" ind1=" " ind2=" ">
    <subfield code="a">Kaynak&#xE7;a vard&#x131;r.</subfield>
  </datafield>
  <datafield tag="650" ind1=" " ind2="4">
    <subfield code="9">1057</subfield>
    <subfield code="a">&#x130;slam dini</subfield>
    <subfield code="x">Bilim</subfield>
  </datafield>
  <datafield tag="650" ind1=" " ind2="0">
    <subfield code="9">6233</subfield>
    <subfield code="a">Din </subfield>
    <subfield code="x">Bilim</subfield>
  </datafield>
  <datafield tag="740" ind1=" " ind2=" ">
    <subfield code="a">&#xE7;oktanr&#x131;c&#x131;l&#x131;kta, Yahudilikte, H&#x131;ristiyanl&#x131;kta, gericilik ve M&#xFC;sl&#xFC;manl&#x131;kta irtican&#x131;n tarihsel k&#xF6;kenleri</subfield>
  </datafield>
  <datafield tag="942" ind1=" " ind2=" ">
    <subfield code="2">ddc</subfield>
    <subfield code="c">BKS</subfield>
  </datafield>
</record>
